[Event "Tradewise Gibraltar ChallWk1"]
[Site "Gibraltar"]
[Date "2018.01.22"]
[Round "1.1"]
[White "Saber, Yasser"]
[Black "Sanchez Carrasco, Fco. Javier"]
[Result "1-0"]
[WhiteElo "2244"]
[BlackElo "2068"]
[PlyCount "65"]
[EventDate "2018.01.22"]
[EventType "swiss"]
[EventRounds "5"]
[EventCountry "GGB"]

1. d3 g6 2. g3 Bg7 3. Bg2 d5 4. f4 Nh6 5. Nf3 c6 6. Nc3 b5 7. e3 Bg4 8. h3 Bxf3
9. Qxf3 e6 10. e4 a6 11. O-O d4 12. Ne2 f5 13. e5 Ra7 14. b4 Rd7 15. Bb2 Bf8
16. Qf2 Bxb4 17. Bxd4 Kf7 18. Bb6 Qe7 19. a4 Rc8 20. Rfb1 a5 21. c3 Ba3 22. Rb3
b4 23. d4 Na6 24. Bxa5 c5 25. cxb4 Bxb4 26. Bxb4 cxb4 27. Qe3 Nc7 28. Qc1 Rb8
29. Bc6 Rd5 30. a5 Qd8 31. a6 Na8 32. Bxd5 Qxd5 33. a7 1-0

[Event "Tradewise Gibraltar ChallWk1"]
[Site "Gibraltar"]
[Date "2018.01.22"]
[Round "1.2"]
[White "Coleman, David J"]
[Black "Plotkin, Victor"]
[Result "1/2-1/2"]
[WhiteElo "2055"]
[BlackElo "2242"]
[PlyCount "103"]
[EventDate "2018.01.22"]
[EventType "swiss"]
[EventRounds "5"]
[EventCountry "GGB"]

1. e4 e5 2. Nf3 Nf6 3. d4 Nxe4 4. Bd3 d5 5. Nxe5 Be7 6. Nc3 Nxc3 7. bxc3 Nd7 8.
Qh5 Nxe5 9. dxe5 Be6 10. Rb1 Qd7 11. Qe2 c6 12. O-O b6 13. a4 O-O 14. h3 Rfe8
15. f4 f5 16. Rd1 Red8 17. Kh2 Kh8 18. Be3 Qe8 19. Ba6 Rab8 20. Qf2 c5 21. Bb5
Qf8 22. Be2 Qe8 23. Bb5 Qf8 24. Bf1 h6 25. g3 Qe8 26. Bb5 Qf8 27. Be2 Qe8 28.
Bb5 Qf8 29. Be2 g6 30. Rd2 Qe8 31. Bb5 Qf7 32. Be2 Bf8 33. Rbd1 Rd7 34. Bf3
Rbd8 35. Qg1 Be7 36. a5 Qf8 37. axb6 axb6 38. Rb1 Rb8 39. Qg2 Qg8 40. Rbd1 Rbd8
41. Qg1 Qf8 42. Bf2 Qg8 43. Rb1 Rb8 44. Rbd1 Rbd8 45. Rb1 Rb8 46. Rbd1 Kh7 47.
Qg2 Rbd8 48. Rb1 Rb8 49. Rbd1 Rbd8 50. Rb1 Rb8 51. Rbd1 Rbd8 52. Rb1 1/2-1/2

[Event "Tradewise Gibraltar ChallWk1"]
[Site "Gibraltar"]
[Date "2018.01.22"]
[Round "1.3"]
[White "Maisuradze, Nino"]
[Black "Sanz Losada, Victoriano"]
[Result "0-1"]
[WhiteElo "2234"]
[BlackElo "2050"]
[PlyCount "76"]
[EventDate "2018.01.22"]
[EventType "swiss"]
[EventRounds "5"]
[EventCountry "GGB"]

1. d4 Nf6 2. c4 g6 3. Nc3 Bg7 4. e4 d6 5. f4 O-O 6. Nf3 c5 7. d5 e6 8. Be2 exd5
9. cxd5 b5 10. e5 dxe5 11. fxe5 Ng4 12. Nxb5 Nxe5 13. O-O Bb7 14. Bf4 Nbd7 15.
Nd6 Qb6 16. Nxb7 Qxb7 17. Rb1 Rad8 18. Re1 Rfe8 19. Qd2 Nxf3+ 20. Bxf3 Ne5 21.
Bxe5 Bxe5 22. Kh1 Qb8 23. g3 Qd6 24. Kg2 Rb8 25. Re2 Rb4 26. Qc2 Kg7 27. b3 h5
28. Rc1 Rc8 29. Qd2 Rd4 30. Qe3 f6 31. Rec2 h4 32. Rc4 hxg3 33. hxg3 Bxg3 34.
Qe6 Rd2+ 35. Kg1 Bf2+ 36. Kf1 Qh2 37. Qd7+ Kh6 38. Qg4 Bg3 0-1

[Event "Tradewise Gibraltar ChallWk1"]
[Site "Gibraltar"]
[Date "2018.01.22"]
[Round "1.4"]
[White "Kozarcanin, Sead"]
[Black "Kvisla, Johannes Luangtep"]
[Result "1-0"]
[WhiteElo "2048"]
[BlackElo "2234"]
[PlyCount "141"]
[EventDate "2018.01.22"]
[EventType "swiss"]
[EventRounds "5"]
[EventCountry "GGB"]

1. b3 f5 2. Bb2 Nf6 3. f4 e6 4. Nf3 b6 5. g3 Bb7 6. Bg2 Bc5 7. e3 O-O 8. O-O
Be7 9. Qe2 c5 10. d3 d5 11. Nbd2 Re8 12. Ne5 Bf8 13. g4 fxg4 14. Nxg4 Nbd7 15.
Ne5 b5 16. Kh1 Qb6 17. Ndf3 h6 18. Rg1 Rad8 19. Bh3 d4 20. e4 Nxe5 21. fxe5 Nh7
22. Rg6 Qc7 23. Rag1 Kh8 24. Bc1 Qf7 25. Qg2 Ng5 26. Bxg5 Qxg6 27. Bxd8 Qxg2+
28. Rxg2 Rxd8 29. Bxe6 Be7 30. Rg6 a5 31. Bf5 Ra8 32. Re6 Bf8 33. Rb6 Bc8 34.
Bxc8 Rxc8 35. Rxb5 a4 36. bxa4 Kg8 37. Nd2 Be7 38. a5 Ra8 39. Nc4 Kf7 40. Nd6+
Ke6 41. Rxc5 Rb8 42. a6 Ra8 43. Ra5 Bd8 44. Ra4 Kxe5 45. Nf7+ Kf4 46. Rxd4 Bb6
47. Rd6 Bc5 48. Rd5 Bb6 49. Rf5+ Ke3 50. Nd6 Bd4 51. Nb5 Rxa6 52. Nxd4 Kxd4 53.
Kg2 Rxa2 54. Kf3 Ra1 55. Rd5+ Kc3 56. e5 Kxc2 57. d4 Kd3 58. e6 Rf1+ 59. Kg2
Rf8 60. Rd7 Ke4 61. e7 Re8 62. d5 Ke5 63. d6 Ke6 64. Rd8 Rxe7 65. dxe7 Kxe7 66.
Ra8 Kf6 67. h4 Kg6 68. Kg3 Kh5 69. Ra5+ g5 70. hxg5 hxg5 71. Rb5 1-0

[Event "Tradewise Gibraltar ChallWk1"]
[Site "Gibraltar"]
[Date "2018.01.22"]
[Round "1.5"]
[White "Galvan, Jesus"]
[Black "Lawson, Dominic Ralph"]
[Result "1-0"]
[WhiteElo "2223"]
[BlackElo "2037"]
[PlyCount "91"]
[EventDate "2018.01.22"]
[EventType "swiss"]
[EventRounds "5"]
[EventCountry "GGB"]

1. d4 d6 2. c4 e5 3. Nf3 e4 4. Ng5 Nf6 5. Nc3 Qe7 6. Qc2 Bf5 7. g4 Bg6 8. Bg2
Nc6 9. Nd5 Nxd4 10. Qa4+ Qd7 11. Nxc7+ Kd8 12. Qd1 Qxc7 13. Qxd4 Qc5 14. Be3 h6
15. Qxf6+ gxf6 16. Bxc5 fxg5 17. Rd1 Kc7 18. Bd4 Rh7 19. Bf6 Re8 20. h4 gxh4
21. Rxh4 Re6 22. Bd4 Be7 23. Rh3 f5 24. gxf5 Bxf5 25. Ra3 a6 26. Bh3 Bxh3 27.
Rxh3 Rf7 28. Kd2 Bf6 29. Bxf6 Rexf6 30. Ke3 Rxf2 31. Rxh6 R2f6 32. Rxf6 Rxf6
33. Rh1 Kc6 34. Kxe4 Kc5 35. Rh7 b5 36. cxb5 axb5 37. Rc7+ Kb6 38. Rc2 Rf2 39.
Kd5 Rf6 40. Rc6+ Ka5 41. Rxd6 Rf1 42. Ke5 Ra1 43. a3 Rb1 44. Rd2 b4 45. axb4+
Kxb4 46. e4 1-0

[Event "Tradewise Gibraltar ChallWk1"]
[Site "Gibraltar"]
[Date "2018.01.22"]
[Round "1.6"]
[White "Maric, Boris"]
[Black "Richards, Heather S"]
[Result "0-1"]
[WhiteElo "2034"]
[BlackElo "2223"]
[PlyCount "82"]
[EventDate "2018.01.22"]
[EventType "swiss"]
[EventRounds "5"]
[EventCountry "GGB"]

1. c4 d6 2. g3 e5 3. Bg2 f5 4. Nc3 Nf6 5. d3 c6 6. e4 Be7 7. Nge2 O-O 8. O-O a5
9. a3 Na6 10. exf5 Bxf5 11. d4 Qe8 12. f3 Qg6 13. Be3 Bc2 14. Qc1 Bb3 15. c5
Rfe8 16. cxd6 Bxd6 17. dxe5 Rxe5 18. Nd4 Bc5 19. Bf2 Bf7 20. Re1 Rxe1+ 21. Qxe1
Re8 22. Qd2 Nd5 23. Ne4 Bb6 24. Ng5 h6 25. Nxf7 Qxf7 26. Re1 Rd8 27. Bh3 Ndc7
28. Qc3 Nc5 29. Qc2 a4 30. Nf5 Nd3 31. Ne7+ Kf8 32. Bxb6 Nxe1 33. Ng6+ Kg8 34.
Qf5 Nxf3+ 35. Kf2 Ng5 36. Qxf7+ Kxf7 37. Ne5+ Kf6 38. Bxc7 Nxh3+ 39. Kg2 Rc8
40. Ng4+ Kf7 41. Ne5+ Ke6 0-1

[Event "Tradewise Gibraltar ChallWk1"]
[Site "Gibraltar"]
[Date "2018.01.22"]
[Round "1.7"]
[White "Jordan Martinez, Miguel"]
[Black "Ungureanu, Sandu"]
[Result "0-1"]
[WhiteElo "2201"]
[BlackElo "2033"]
[PlyCount "87"]
[EventDate "2018.01.22"]
[EventType "swiss"]
[EventRounds "5"]
[EventCountry "GGB"]

1. e4 e6 2. b3 d5 3. Bb2 dxe4 4. Nc3 Nf6 5. Qe2 Be7 6. g4 h6 7. Bg2 Bd7 8.
O-O-O Bc6 9. h4 Nbd7 10. g5 hxg5 11. hxg5 Rxh1 12. Bxh1 Nd5 13. Nxe4 Bxg5 14.
Qg4 Bh6 15. Bxg7 Bxg7 16. Qxg7 Qe7 17. Qh8+ Qf8 18. Qxf8+ Kxf8 19. Ne2 Rd8 20.
Nd4 Nb8 21. Nxc6 Nxc6 22. a3 Nd4 23. Kb2 b6 24. Re1 Ke7 25. Ng3 Kf6 26. Be4 Nf4
27. d3 Rh8 28. Rh1 Rxh1 29. Bxh1 Ke5 30. Kc3 Nb5+ 31. Kb2 c5 32. a4 Nd6 33. Kc3
Nh3 34. f3 f5 35. Kd2 Nf4 36. c3 Nf7 37. Nf1 Ng5 38. Ne3 Nd5 39. Nxd5 exd5 40.
f4+ Kxf4 41. Bxd5 Kg3 42. d4 cxd4 43. cxd4 Kf4 44. Bh1 0-1

[Event "Tradewise Gibraltar ChallWk1"]
[Site "Gibraltar"]
[Date "2018.01.22"]
[Round "1.8"]
[White "Janiszewski, Maciej"]
[Black "Longa Yauca, Javier"]
[Result "1-0"]
[WhiteElo "2029"]
[BlackElo "2198"]
[PlyCount "35"]
[EventDate "2018.01.22"]
[EventType "swiss"]
[EventRounds "5"]
[EventCountry "GGB"]

1. d4 Nf6 2. Nc3 d5 3. Bg5 c6 4. Qd3 Qa5 5. Bxf6 gxf6 6. Nf3 Na6 7. a3 Bg4 8.
g3 e6 9. Ra2 Bf5 10. Qd2 c5 11. e4 Bg4 12. Bb5+ Kd8 13. Qf4 Rg8 14. Ne5 cxd4
15. Qxf6+ Kc7 16. Qxf7+ Kd6 17. b4 Qc7 18. Nc4+ 1-0

[Event "Tradewise Gibraltar ChallWk1"]
[Site "Gibraltar"]
[Date "2018.01.22"]
[Round "1.9"]
[White "Gonzalez Gonzalez, Alfonso"]
[Black "Hamer, Martyn"]
[Result "0-1"]
[WhiteElo "2192"]
[BlackElo "2020"]
[PlyCount "118"]
[EventDate "2018.01.22"]
[EventType "swiss"]
[EventRounds "5"]
[EventCountry "GGB"]

1. d4 Nf6 2. Bg5 Ne4 3. Bh4 c5 4. f3 g5 5. fxe4 gxh4 6. e3 Qb6 7. b3 Bh6 8. Qd3
Nc6 9. c3 d6 10. Nd2 Bd7 11. Ngf3 h3 12. g3 cxd4 13. exd4 e5 14. Nc4 Qc7 15. d5
Ne7 16. Ne3 Rc8 17. Rc1 O-O 18. g4 Ng6 19. g5 Bg7 20. Qd2 f5 21. Bd3 fxe4 22.
Bxe4 Rf4 23. Qd3 Rcf8 24. Nd2 Nh4 25. Rg1 Rf2 26. Ng4 Ng2+ 27. Bxg2 Bxg4 28.
Bf1 R2f4 29. Bxh3 Qc5 30. Rxg4 Rxg4 31. Bxg4 Qg1+ 32. Nf1 Qxg4 33. Rc2 e4 34.
Qe2 Qg1 35. Qc4 Be5 36. a4 e3 37. b4 e2 38. Qxe2 Bxh2 39. Qe6+ Kh8 40. Qh3 Bg3+
41. Kd2 Qf2+ 42. Kd3 Qxf1+ 43. Qxf1 Rxf1 44. c4 b6 45. c5 bxc5 46. bxc5 dxc5
47. Rxc5 Kg7 48. Rc6 Rf7 49. Re6 Bf4 50. Kc4 Bxg5 51. d6 h5 52. Kd5 h4 53. Re5
Bd8 54. Rh5 Rf8 55. Ke6 Rh8 56. Rb5 h3 57. Rb7+ Kg6 58. Rb3 h2 59. Rg3+ Bg5 0-1

[Event "Tradewise Gibraltar ChallWk1"]
[Site "Gibraltar"]
[Date "2018.01.22"]
[Round "1.10"]
[White "Bryant, Richard B E"]
[Black "Bendayan Claros, Aaron"]
[Result "0-1"]
[WhiteElo "2016"]
[BlackElo "2191"]
[PlyCount "108"]
[EventDate "2018.01.22"]
[EventType "swiss"]
[EventRounds "5"]
[EventCountry "GGB"]

1. e4 c6 2. c4 e5 3. Nf3 d6 4. Nc3 Bg4 5. Be2 Nd7 6. d4 Ngf6 7. O-O Be7 8. h3
Bxf3 9. Bxf3 Qb6 10. dxe5 dxe5 11. Qc2 O-O 12. a3 a5 13. Na4 Qc7 14. c5 Rfd8
15. Be3 Nf8 16. Nb6 Ra7 17. Rfd1 N6d7 18. b4 axb4 19. axb4 Rxa1 20. Rxa1 Nxb6
21. cxb6 Qb8 22. Qc4 Ne6 23. Bd1 Qd6 24. b5 c5 25. Bb3 Qxb6 26. g3 Rf8 27. f4
exf4 28. gxf4 Nd4 29. Bxd4 cxd4 30. Kh2 Qf6 31. Rf1 Rd8 32. Bc2 Qd6 33. e5 Qa3
34. Bb3 Qb2+ 35. Kh1 Rf8 36. e6 f6 37. Rf3 Qd2 38. Qd5 Re8 39. Qxb7 d3 40. Qc6
Rd8 41. b6 Qe1+ 42. Kg2 d2 43. Rf1 Qe2+ 44. Kg1 Qe3+ 45. Kg2 Qxb3 46. b7 d1=Q
47. Rxd1 Qxd1 48. Qb5 Rd2+ 49. Kg3 Qg1+ 50. Kf3 Rf2+ 51. Ke4 Qe1+ 52. Kd5 Rd2+
53. Kc6 Qxe6+ 54. Kc7 Qd6+ 0-1

[Event "Tradewise Gibraltar ChallWk1"]
[Site "Gibraltar"]
[Date "2018.01.22"]
[Round "1.11"]
[White "Dolzhikova, Olga"]
[Black "Sedgwick, David"]
[Result "1-0"]
[WhiteElo "2187"]
[BlackElo "2012"]
[PlyCount "103"]
[EventDate "2018.01.22"]
[EventType "swiss"]
[EventRounds "5"]
[EventCountry "GGB"]

1. e4 e5 2. Bc4 Nf6 3. d3 Bc5 4. Nf3 Nc6 5. c3 a6 6. Bb3 O-O 7. Bg5 d6 8. h3
Be6 9. Bc2 d5 10. Qe2 dxe4 11. dxe4 Be7 12. Nbd2 Nd7 13. Be3 Bc5 14. Ng5 Bxe3
15. Qxe3 Qf6 16. Nxe6 Qxe6 17. O-O Rad8 18. Bb3 Qe7 19. Bd5 Nb6 20. Bxc6 bxc6
21. Qe2 Qc5 22. Nf3 a5 23. Rfd1 f6 24. a4 Rd6 25. Rxd6 cxd6 26. Qa6 Rd8 27. Nd2
Nd7 28. Nb3 Qb6 29. Qxb6 Nxb6 30. Nxa5 Ra8 31. b4 c5 32. Kf1 cxb4 33. cxb4 d5
34. exd5 Nxd5 35. Nc6 Nc3 36. a5 Ra6 37. Nb8 Ra8 38. Nd7 Nb5 39. a6 Ra7 40. Nc5
Nd4 41. Ra5 Nc6 42. Rb5 Kf7 43. Rb6 Rc7 44. Rb7 Rxb7 45. axb7 Nb8 46. b5 Ke7
47. Na6 Nd7 48. b8=Q Nxb8 49. Nxb8 Kd6 50. Na6 Kd7 51. Ke2 Kc8 52. Kd3 1-0

[Event "Tradewise Gibraltar ChallWk1"]
[Site "Gibraltar"]
[Date "2018.01.22"]
[Round "1.12"]
[White "Adewole, Adeyinka"]
[Black "Pinho, Paulo"]
[Result "1-0"]
[WhiteElo "2001"]
[BlackElo "2186"]
[PlyCount "113"]
[EventDate "2018.01.22"]
[EventType "swiss"]
[EventRounds "5"]
[EventCountry "GGB"]

1. Nf3 c5 2. g3 b6 3. c4 Bb7 4. Bg2 Nf6 5. Nc3 e6 6. O-O Be7 7. d3 O-O 8. d4
cxd4 9. Nxd4 Bxg2 10. Kxg2 Qc7 11. Qd3 Rc8 12. b3 d5 13. Qf3 Nbd7 14. Ncb5 Qb7
15. Bf4 a6 16. Nd6 Bxd6 17. Bxd6 Ne4 18. Bb4 dxc4 19. Kg1 b5 20. Rfd1 Ndf6 21.
Bd2 Qe7 22. Bf4 Qb4 23. g4 cxb3 24. axb3 Nc3 25. Rd3 Ncd5 26. Bd2 Qe7 27. g5
Nd7 28. Qg2 Ne5 29. Rh3 Qc5 30. Qe4 Ng6 31. Nxe6 Qd6 32. Nd4 Re8 33. Qd3 Ndf4
34. Bxf4 Qxf4 35. Rg3 Qd6 36. e3 Ne5 37. Qf5 g6 38. Qh3 Qf8 39. Qg2 Qb4 40. Qb7
Qc3 41. Rd1 Qb4 42. h4 Rad8 43. Qxa6 Rd6 44. Qa1 Red8 45. Qc1 Nc6 46. Rg4 Nxd4
47. Rgxd4 Rxd4 48. exd4 Qxb3 49. Qd2 Qf3 50. d5 Qg4+ 51. Kf1 Qxh4 52. d6 Rd7
53. Qe3 Qh1+ 54. Ke2 Qh5+ 55. Ke1 Qh2 56. Qe8+ Kg7 57. Qxd7 1-0

[Event "Tradewise Gibraltar ChallWk1"]
[Site "Gibraltar"]
[Date "2018.01.22"]
[Round "1.13"]
[White "Guthrie, David"]
[Black "Burke, Mitchell R"]
[Result "1/2-1/2"]
[WhiteElo "2181"]
[BlackElo "1989"]
[PlyCount "99"]
[EventDate "2018.01.22"]
[EventType "swiss"]
[EventRounds "5"]
[EventCountry "GGB"]

1. d4 Nf6 2. c4 g6 3. Nc3 Bg7 4. e4 d6 5. Nf3 O-O 6. Be2 a6 7. O-O Bg4 8. Be3
Nfd7 9. Rc1 c5 10. d5 Bxf3 11. Bxf3 b5 12. Be2 Qa5 13. a3 Nb6 14. cxb5 axb5 15.
b4 cxb4 16. axb4 Qxb4 17. Bxb6 Bxc3 18. Qd3 Bf6 19. Rb1 Qa4 20. Rxb5 Nd7 21.
Be3 Ne5 22. Qb1 Rfc8 23. h3 Qa2 24. Re1 Qxb1 25. Rexb1 Nc4 26. Bxc4 Rxc4 27.
Bh6 Rac8 28. Rb8 Bg7 29. Be3 h5 30. Rxc8+ Rxc8 31. Rb7 Bf6 32. g4 hxg4 33. hxg4
g5 34. Kg2 Kg7 35. Kf3 Rc2 36. Rb3 Kg6 37. Rb8 Kg7 38. Ra8 Rb2 39. Ra4 Rc2 40.
Kg2 Rb2 41. Rc4 Ra2 42. Rc1 Ra4 43. Kf3 Ra3 44. Rd1 Ra2 45. Rd2 Ra4 46. Rc2 Rb4
47. Ra2 Rc4 48. Ra6 Rb4 49. Ra3 Rc4 50. Rd3 1/2-1/2

[Event "Tradewise Gibraltar ChallWk1"]
[Site "Gibraltar"]
[Date "2018.01.22"]
[Round "1.14"]
[White "Rueda-Kjeldsen, Juan Carlos"]
[Black "Lochte, Thomas"]
[Result "0-1"]
[WhiteElo "1988"]
[BlackElo "2169"]
[PlyCount "82"]
[EventDate "2018.01.22"]
[EventType "swiss"]
[EventRounds "5"]
[EventCountry "GGB"]

1. e4 e5 2. Nf3 Nc6 3. Bb5 a6 4. Bxc6 dxc6 5. O-O Bd6 6. d4 Bg4 7. dxe5 Bxf3 8.
Qxf3 Bxe5 9. Rd1 Qf6 10. Qxf6 Nxf6 11. f3 O-O 12. Nc3 Rad8 13. Bg5 h6 14. Bxf6
Bxf6 15. Rxd8 Rxd8 16. Rd1 Rd6 17. Rd3 Rd4 18. Rxd4 Bxd4+ 19. Kf1 Kf8 20. Ke2
Ke7 21. Kd3 Be5 22. h3 Kf6 23. b3 h5 24. Nd1 Kg5 25. Ne3 Kf4 26. Nc4 Bf6 27.
Ke2 Bc3 28. Kd3 Bb4 29. Ne3 Kg3 30. Nf5+ Kxg2 31. h4 g6 32. Nh6 f6 33. Ng8 g5
34. Nxf6 gxh4 35. Nxh5 Kxf3 36. c3 Bd6 37. Nf6 h3 38. e5 Bxe5 39. Ne4 h2 40.
Nd2+ Kg2 41. Ke4 Bxc3 0-1

[Event "Tradewise Gibraltar ChallWk1"]
[Site "Gibraltar"]
[Date "2018.01.22"]
[Round "1.15"]
[White "Madina Yadarola, Martin"]
[Black "Bozinovic, Boban"]
[Result "1/2-1/2"]
[WhiteElo "2167"]
[BlackElo "1972"]
[PlyCount "130"]
[EventDate "2018.01.22"]
[EventType "swiss"]
[EventRounds "5"]
[EventCountry "GGB"]

1. e4 c5 2. Nf3 d6 3. d4 cxd4 4. Nxd4 Nf6 5. Nc3 g6 6. g3 Bg7 7. Bg2 O-O 8. O-O
a6 9. h3 Qc7 10. Bg5 Qb6 11. Nb3 Be6 12. Nd5 Bxd5 13. exd5 Nbd7 14. Re1 Rfe8
15. a4 Rac8 16. a5 Qc7 17. c3 Qc4 18. Nd2 Qc7 19. Kh2 Ne5 20. Qe2 Nc4 21. Nxc4
Qxc4 22. Qd2 Kf8 23. Bf3 Nd7 24. Be2 Qc7 25. c4 Nc5 26. Qc2 Nd7 27. Kg2 b5 28.
axb6 Qxb6 29. Reb1 Qc5 30. Qd2 Qb6 31. Be3 Qb7 32. Ra3 Nb8 33. b3 Rc7 34. h4
Nd7 35. h5 Rb8 36. hxg6 hxg6 37. Bh6 e5 38. Rh1 Qb4 39. Bxg7+ Kxg7 40. Qh6+ Kf6
41. Rxa6 Ke7 42. Qg5+ Nf6 43. Rb1 Qc5 44. Qe3 Qxe3 45. fxe3 Rcb7 46. Bd1 Ne4
47. Rc1 Nc5 48. Rc6 Nd3 49. Ra1 e4 50. Be2 Ne5 51. Bd1 Nxc6 52. dxc6 Rc7 53.
Ra6 Rbc8 54. Bc2 f5 55. Ra5 Rxc6 56. g4 Rc5 57. Ra7+ R5c7 58. Ra5 Kf6 59. Kg3
Rc5 60. Ra7 d5 61. gxf5 gxf5 62. Kf4 dxc4 63. bxc4 Rxc4 64. Bb3 R4c7 65. Ra5
Rc5 1/2-1/2

[Event "Tradewise Gibraltar ChallWk1"]
[Site "Gibraltar"]
[Date "2018.01.22"]
[Round "1.16"]
[White "Fathallah, Joe"]
[Black "Makka, Ioulia"]
[Result "1/2-1/2"]
[WhiteElo "1962"]
[BlackElo "2167"]
[PlyCount "91"]
[EventDate "2018.01.22"]
[EventType "swiss"]
[EventRounds "5"]
[EventCountry "GGB"]

1. d4 Nf6 2. c4 e6 3. Nc3 Bb4 4. Qc2 O-O 5. Bg5 d6 6. Nf3 Nbd7 7. e3 b6 8. Bd3
h6 9. Bxf6 Qxf6 10. O-O-O Bxc3 11. Qxc3 Bb7 12. e4 e5 13. Rhe1 Rfe8 14. Bc2
exd4 15. Qxd4 Qf4+ 16. Re3 Ne5 17. Kb1 Re7 18. g3 Qf6 19. Nxe5 dxe5 20. Qd2 Bc6
21. Rd3 Ree8 22. f3 a5 23. Qc3 g6 24. c5 b5 25. b4 axb4 26. Qxb4 Qe7 27. Bb3
Kg7 28. Kc2 g5 29. g4 Red8 30. Rxd8 Rxd8 31. Rxd8 Qxd8 32. Qc3 Qf6 33. Bd5 Be8
34. c6 Qf4 35. Kb3 Qxh2 36. Kb4 Kf6 37. Kxb5 Qe2+ 38. Kb4 Qf2 39. a4 Qb6+ 40.
Ka3 Qa6 41. a5 Qb5 42. Qb4 Qd3+ 43. Qb3 Qa6 44. Qa4 Qd3+ 45. Qb3 Qa6 46. Qa4
1/2-1/2

[Event "Tradewise Gibraltar ChallWk1"]
[Site "Gibraltar"]
[Date "2018.01.22"]
[Round "1.17"]
[White "Pavlov, Egor"]
[Black "Garcia Lopez, Juan Antonio"]
[Result "1-0"]
[WhiteElo "2165"]
[BlackElo "1959"]
[PlyCount "85"]
[EventDate "2018.01.22"]
[EventType "swiss"]
[EventRounds "5"]
[EventCountry "GGB"]

1. d4 d5 2. c4 c6 3. Nf3 e6 4. e3 f5 5. Bd3 Nf6 6. O-O Bd6 7. b3 O-O 8. Ba3 Qe7
9. Bxd6 Qxd6 10. Nc3 Ne4 11. Ne2 Nd7 12. Rc1 Qe7 13. h4 Rf6 14. Nf4 Rh6 15. Qe2
Nf8 16. g3 g5 17. hxg5 Nxg5 18. Kg2 Ng6 19. Rh1 Rxh1 20. Rxh1 Nxf4+ 21. exf4
Nxf3 22. Kxf3 Qg7 23. Qe5 Qxe5 24. fxe5 Kg7 25. cxd5 cxd5 26. Rc1 h5 27. Kf4
Kg6 28. Rc7 a6 29. a4 b6 30. Rc6 Kf7 31. Rxb6 Ke7 32. Be2 Ra7 33. Bxh5 Rc7 34.
Be2 Rc3 35. Bxa6 Bxa6 36. Rxa6 Rd3 37. Ra7+ Kd8 38. Kg5 Rxd4 39. Kf6 Rb4 40.
Kxe6 d4 41. Rd7+ Kc8 42. Rd6 Rxb3 43. Rxd4 1-0

[Event "Tradewise Gibraltar ChallWk1"]
[Site "Gibraltar"]
[Date "2018.01.22"]
[Round "1.18"]
[White "Suez-Panama, Gilles"]
[Black "Sousa, Ludy Helsio Paulo"]
[Result "1/2-1/2"]
[WhiteElo "1959"]
[BlackElo "2153"]
[PlyCount "147"]
[EventDate "2018.01.22"]
[EventType "swiss"]
[EventRounds "5"]
[EventCountry "GGB"]

1. d4 Nf6 2. Nf3 d6 3. c4 g6 4. Nc3 Bg7 5. Bf4 O-O 6. e3 Nbd7 7. Be2 b6 8. O-O
Bb7 9. Qc2 h6 10. h3 Re8 11. Rad1 a6 12. b4 c5 13. a3 Qc7 14. Bh2 Rec8 15. b5
cxd4 16. exd4 axb5 17. Nxb5 Qc6 18. Qb3 Ba6 19. a4 Bxb5 20. axb5 Qc7 21. Nd2
Ra5 22. Ra1 Rca8 23. Rxa5 Rxa5 24. c5 bxc5 25. Nc4 Ra8 26. b6 Qb7 27. Bf3 d5
28. dxc5 Nxc5 29. Qb5 Nfd7 30. Bc7 Ra2 31. Na5 Qa6 32. Qxa6 Nxa6 33. Nc6 e6 34.
Rb1 Bf8 35. Bf4 Rc2 36. Nd4 Rc4 37. Be3 Rb4 38. Rxb4 Nxb4 39. b7 Bc5 40. Be2
Nb8 41. Bb5 N4a6 42. Kf1 e5 43. Nc2 Bxe3 44. Nxe3 Nc7 45. Ba4 Kf8 46. Bb3 d4
47. Ng4 f6 48. Nxf6 h5 49. Ke2 Nca6 50. Bd5 Ke7 51. Ne4 Kd7 52. Bf7 Kc7 53.
Bxg6 h4 54. g4 Kxb7 55. g5 Kc6 56. Bf7 Kd7 57. g6 Ke7 58. Ng5 Kf6 59. Nf3 Nc6
60. Nxh4 e4 61. Bd5 Ne7 62. Bxe4 Nc5 63. Bc2 Nd5 64. Ng2 Nb4 65. Bb1 Na4 66.
Kd2 Nc3 67. Bd3 Ncd5 68. f4 Ne7 69. f5 Nxd3 70. Kxd3 Nxf5 71. Nf4 Kg5 72. Ne6+
Kxg6 73. Nxd4 Nxd4 74. Kxd4 1/2-1/2

[Event "Tradewise Gibraltar ChallWk1"]
[Site "Gibraltar"]
[Date "2018.01.22"]
[Round "1.19"]
[White "Ranaivoharisoa, Alain"]
[Black "Brown, David"]
[Result "1-0"]
[WhiteElo "2142"]
[BlackElo "1953"]
[PlyCount "69"]
[EventDate "2018.01.22"]
[EventType "swiss"]
[EventRounds "5"]
[EventCountry "GGB"]

1. e4 e5 2. Nf3 Nc6 3. Bb5 a6 4. Ba4 Nf6 5. d3 d6 6. O-O Be7 7. Re1 O-O 8. c3
Nd7 9. d4 Bf6 10. h3 h6 11. Be3 Ne7 12. dxe5 dxe5 13. c4 Ng6 14. Nc3 c6 15. Qe2
Qe7 16. Rad1 Rd8 17. Bc2 Ndf8 18. Rxd8 Qxd8 19. Rd1 Qe8 20. Na4 Nd7 21. c5 Rb8
22. Nd2 Be7 23. Nc4 Qf8 24. Nd6 Bxd6 25. Rxd6 Nf4 26. Qd2 Ne6 27. Rxd7 Bxd7 28.
Qxd7 Qd8 29. Nb6 Nf8 30. Qxd8 Rxd8 31. Nc4 Ng6 32. Kf1 Kf8 33. g3 Ke7 34. h4
Nf8 35. Nxe5 1-0

[Event "Tradewise Gibraltar ChallWk1"]
[Site "Gibraltar"]
[Date "2018.01.22"]
[Round "1.20"]
[White "Gostelow, David W"]
[Black "Sanz Wawer, Daniel"]
[Result "0-1"]
[WhiteElo "1945"]
[BlackElo "2134"]
[PlyCount "56"]
[EventDate "2018.01.22"]
[EventType "swiss"]
[EventRounds "5"]
[EventCountry "GGB"]

1. d4 d5 2. Bf4 Nf6 3. e3 e6 4. Nd2 Be7 5. Bd3 Nbd7 6. h3 O-O 7. Ngf3 c5 8. c3
b6 9. O-O Bb7 10. Qe2 Ne4 11. Ne5 Nxd2 12. Qxd2 Nxe5 13. Bxe5 f6 14. Qc2 fxe5
15. Bxh7+ Kh8 16. dxe5 Ba6 17. Bg6 Bxf1 18. Rxf1 Bh4 19. f4 Bg3 20. Qe2 Qh4 21.
Rf3 Kg8 22. Rxg3 Qxg3 23. Qh5 Qxe3+ 24. Kh1 Qc1+ 25. Kh2 Qxf4+ 26. Kg1 Qh6 27.
Qg4 Qc1+ 28. Kh2 Qf4+ 0-1

[Event "Tradewise Gibraltar ChallWk1"]
[Site "Gibraltar"]
[Date "2018.01.22"]
[Round "1.21"]
[White "Herzwurm, Robert"]
[Black "Stern, Geoffrey"]
[Result "1-0"]
[WhiteElo "2123"]
[BlackElo "1940"]
[PlyCount "130"]
[EventDate "2018.01.22"]
[EventType "swiss"]
[EventRounds "5"]
[EventCountry "GGB"]

1. e4 e6 2. d4 d5 3. e5 c5 4. c3 Nc6 5. Nf3 Bd7 6. a3 c4 7. Nbd2 Na5 8. g3 Bc6
9. Bh3 Qd7 10. O-O Ba4 11. Qe2 Bc2 12. Ne1 Bg6 13. f4 h5 14. f5 Bxf5 15. Bxf5
exf5 16. b3 h4 17. bxc4 hxg3 18. hxg3 dxc4 19. Ng2 Rc8 20. Nf3 Ne7 21. Nf4 Rc6
22. e6 fxe6 23. Ne5 Qd6 24. Nxc6 Qxc6 25. Qf3 Kd7 26. d5 Nxd5 27. Nxd5 exd5 28.
Qxf5+ Qe6 29. Be3 Qxf5 30. Rxf5 Ke6 31. Raf1 Bd6 32. Rg5 Be5 33. Re1 Kf6 34.
Rxe5 Kxe5 35. Bb6+ Kf5 36. Bxa5 b6 37. Bb4 a5 38. Bd6 Rd8 39. Bc7 Rd7 40. Bxb6
a4 41. Bd4 Kg4 42. Kg2 Rb7 43. Re5 Rb2+ 44. Bf2 Rd2 45. Re7 g6 46. Rf7 g5 47.
Ra7 Rd3 48. Rxa4 Rxc3 49. Ra5 Rd3 50. a4 c3 51. Rc5 d4 52. Rc4 Rd2 53. Rxd4+
Kf5 54. Rc4 c2 55. Kf3 g4+ 56. Ke3 Rd8 57. Rxc2 Re8+ 58. Kd2 Ke4 59. Rc3 Rd8+
60. Kc2 Ra8 61. Ra3 Rf8 62. Be1 Rc8+ 63. Rc3 Rh8 64. a5 Rh2+ 65. Bd2 Rg2 1-0

[Event "Tradewise Gibraltar ChallWk1"]
[Site "Gibraltar"]
[Date "2018.01.22"]
[Round "1.22"]
[White "Sandhya, Goli"]
[Black "Villar Reymundo, Juan Antonio"]
[Result "1/2-1/2"]
[WhiteElo "1934"]
[BlackElo "2121"]
[PlyCount "83"]
[EventDate "2018.01.22"]
[EventType "swiss"]
[EventRounds "5"]
[EventCountry "GGB"]

1. e4 c5 2. Nf3 Nc6 3. d4 cxd4 4. Nxd4 Qb6 5. Nb3 Nf6 6. Nc3 e6 7. Be3 Qc7 8.
Qd2 Bb4 9. f3 O-O 10. a3 Be7 11. g4 d6 12. g5 Nd7 13. f4 a6 14. Be2 Rd8 15. f5
Nc5 16. f6 Bf8 17. fxg7 Bxg7 18. O-O-O b5 19. Nxc5 dxc5 20. Qe1 Nd4 21. Bh5 b4
22. axb4 cxb4 23. Bxd4 Bxd4 24. Ne2 Be3+ 25. Kb1 Rxd1+ 26. Qxd1 Bb7 27. Qd3 Bc5
28. Rf1 Rf8 29. Ng3 Bd6 30. e5 Bxe5 31. Bf3 Rd8 32. Qb3 Bxg3 33. hxg3 Bxf3 34.
Qxf3 Rd5 35. Qe4 Qb7 36. Qh4 Qd7 37. Qxb4 Rd1+ 38. Rxd1 Qxd1+ 39. Ka2 Qd5+ 40.
c4 Qxg5 41. Qb8+ Kg7 42. Qd6 1/2-1/2